Polt̕ica & Sociedade Revista de Sociologia Polt̕ica.

Bibliographic Details
Corporate Author: Universidade Federal de Santa Catarina
Format: Journal
Language:Portuguese
Published: [Brasil] : Universidade Federal de Santa Catarina, Programa de Ps̤-graduaȯ̂ em Sociologia Polt̕ica.
Subjects:
Online Access:Acceso restringido

MARC

LEADER 00000nas a2200000 4500
005 20110502121048.0
008 091016c19uu9999bl fr p s 0000a0por d
022 |a 1677-4140 
022 |a 2175-7984 
035 |a 5409 
040 |a BUS  |d vLex 
090 |c 2088  |d 2088 
245 3 0 |a Polt̕ica & Sociedade  |h [Recurso electrn̤ico] :  |b Revista de Sociologia Polt̕ica. 
256 |a Servicio en ln̕ea. 
260 |a [Brasil] :  |b Universidade Federal de Santa Catarina, Programa de Ps̤-graduaȯ̂ em Sociologia Polt̕ica. 
300 |a 1 recurso electrn̤ico 
506 1 |a Contenido solo disponible en los productos indicados  |d vLex Global  |d vLex Global (Academic Edition, excluding Law Schools)  |d vLex Global (U.S. Academic Edition, Law Schools)  |d vLex Global (U.S. Academic Edition, excluding Law Schools)  |d vLex Global (Academic Edition, Law Schools) 
650 0 4 |a Ciencias polt̕icas  |x Publicaciones perid̤icas. 
650 0 4 |a Polt̕ica social  |x Publicaciones perid̤icas. 
710 2 |a Universidade Federal de Santa Catarina. 
740 0 |a vLex Revistas (Servicio en ln̕ea) 
740 0 |a Directory of Open Access Journals (Servicio en ln̕ea) 
856 |u http://vlex.com/source/politica-sociedade-revista-sociologia-5409  |z Acceso restringido 
942 |c REV